[Event "XLV Sevilla Open 2020"]
[Site "Sevilla"]
[Date "2020.01.17"]
[Round "8.1"]
[White "Shevchenko, Kirill"]
[Black "Lu, Shanglei"]
[Result "1-0"]
[WhiteElo "2553"]
[BlackElo "2611"]
[Annotator "TA"]
[PlyCount "73"]
[EventDate "2020.01.05"]
[EventType "swiss"]
[EventCountry "ESP"]
[SourceTitle "playchess.com"]
[Source "ChessBase"]
[SourceQuality "1"]

{[%evp 21,73,0,0,0,0,0,0,0,0,-9,0,0,28,35,41,33,23,-420,23,23,23,23,21,32,37,52,43,0,0,0,31,42,33,35,41,66,47,40,41,41,41,33,173,177,132,145,157,128,158,102,485,480,453,453]} 1. e4 c5 2. Nf3 d6 3. d4 cxd4 4. Nxd4 Nf6 5. Nc3 a6 6. Bg5 e6 7. f4 Qb6 8. Qd2 Qxb2 9. Rb1 Qa3 10. f5 Nc6 11. fxe6 fxe6 12. Nxc6 {B97: Sicilian Najdorf: Poisoned Pawn} bxc6 13. Bd3 (13. Be2 Be7 14. e5 dxe5 15. Bxf6 Bxf6 16. Bh5+ Ke7 17. Rd1 e4 18. Nxe4 Ra7 19. O-O Rd7 20. Qf2 Rf8 21. Kh1 {½-½ (29) Giri,A (2769)-Korobov,A (2668) Moscow 2019}) 13... Be7 14. e5 {The position is equal.} dxe5 15. O-O O-O 16. Qe1 Bd7 17. Qh4 {[#]} Qxc3 $146 ({Predecessor:} 17... Rf7 18. Ne4 Nxe4 19. Qxe4 Rxf1+ 20. Rxf1 {½-½ (65) Chigaev,M (2631)-Sarana,A (2663) Khanty-Mansiysk 2019}) 18. Bxf6 $1 Bxf6 ({But not} 18... Bc5+ $2 19. Kh1 $18) 19. Qxh7+ Kf7 20. Rxf6+ $1 Kxf6 21. Rf1+ Ke7 22. Qxg7+ Kd6 23. Rxf8 Qd4+ 24. Kf1 (24. Kh1 $5 {[%cal Rf8f1]} Rxf8 25. Qxf8+ Kc7 26. Qf6 $14 (26. Bxa6 Qd1+ 27. Bf1 Qxc2 $14)) 24... Be8 $1 25. Qh8 Qa1+ 26. Kf2 Bh5 $1 27. Qg7 $36 {[%mdl 2048] White is more active.} Qd4+ 28. Kg3 Rxf8 29. Qxf8+ Kc7 $1 30. h3 a5 $1 31. Qf2 Qb4 {[#]} (31... Kd6 $1 $14) 32. Qe3 $1 $18 Kd6 33. Be4 c5 34. Kf2 Be8 35. g4 (35. Kf3 $142) 35... Ke7 $2 {[%mdl 8192] [#]} (35... Bc6 $16 {is tougher.} 36. Bxc6 Kxc6) 36. h4 Qd4 37. h5 {Accuracy: White = 95%, Black = 63%.} 1-0

[Event "XLV Sevilla Open 2020"]
[Site "Sevilla"]
[Date "2020.01.17"]
[Round "8.2"]
[White "Grigoryan, Karen H."]
[Black "Alsina Leal, Daniel"]
[Result "1-0"]
[WhiteElo "2632"]
[BlackElo "2465"]
[Annotator "TA"]
[PlyCount "105"]
[EventDate "2020.01.05"]
[EventType "swiss"]
[EventCountry "ESP"]
[SourceTitle "playchess.com"]
[Source "ChessBase"]
[SourceQuality "1"]

{[%evp 9,104,0,8,0,8,6,15,0,0,0,0,-3,19,23,57,33,34,4,20,0,0,0,0,0,16,11,10,12,12,13,32,0,0,-13,-6,-70,0,0,0,-12,-15,-12,-14,-14,8,21,22,0,98,97,92,99,96,104,97,95,238,237,249,237,266,268,256,249,257,257,247,241,565,610,529,611,578,591,439,269,273,279,247,254,555,482,471,435,5189,308,29986,29987,29987,29988,29996,29997,29997,29998,29998,29999,29999]} 1. c4 e5 2. Nc3 Nf6 3. Nf3 Nc6 4. e4 Bb4 5. d3 d6 6. a3 {A28: English Opening: Four Knights Variation} Bc5 7. b4 Bb6 8. Na4 {The position is equal.} Bd4 9. Nxd4 Nxd4 10. Nc3 a6 $146 ({Predecessor:} 10... a5 11. b5 O-O 12. Be2 c6 13. O-O cxb5 14. Nxb5 Nxb5 15. cxb5 {0-1 (38) Najer,E (2635)-Giri,A (2780) Khanty-Mansiysk 2019}) 11. Ne2 c5 12. Nxd4 cxd4 13. Be2 b5 14. cxb5 axb5 15. f4 O-O 16. O-O Nd7 17. a4 bxa4 18. Rxa4 Bb7 19. fxe5 dxe5 20. Bd2 Qb6 21. Rxa8 Rxa8 22. Kh1 ({Better is} 22. Qb3 $11 Nf6 23. Bh5) 22... Nf8 (22... Qa6 $15) 23. Bh5 $11 {Strongly threatening Qb3!} f6 24. Qb3+ Qe6 25. Bd1 $1 Bc8 26. Qb1 {Threatens to win with Bb3.} Qf7 27. b5 Be6 28. Bb4 Rb8 (28... Kh8 $11 {keeps the balance.}) 29. Bd6 $36 {[%mdl 2048] White is really pushing.} Rb7 30. Qb4 $1 (30. Bxe5 $6 Qd7 $11) 30... Nd7 {[#]} 31. Qa5 $1 {[%cal Ra5d8] aiming for Qd8+.} Qe8 32. Bc7 Nc5 (32... h5 $16 {keeps fighting.}) 33. b6 $18 Nd7 ({Reject} 33... Nxd3 34. Be2 $16) 34. Ba4 Qc8 35. Bc6 Nxb6 36. Bxb7 Qxc7 {[#]} 37. Qa6 $1 {Black must now prevent Rb1.} Kf7 38. Rb1 Nd7 $2 (38... Nc8 39. Bd5 Bxd5) 39. Bd5 Bxd5 40. exd5 {[%mdl 4096] Endgame KQR-KQN} Qc2 {[%cal Rc2b1]} 41. Qe6+ {[%mdl 64] Double Attack} Kg6 {[%cal Rc2b1]} 42. Qg4+ Kh6 43. Qh3+ Kg6 {[%cal Rc2b1]} 44. Rf1 Nc5 $2 (44... Nf8 45. Qf5+ Kf7 46. Qxe5 Qxd3 47. Qc7+ Kg6) 45. d6 Qb3 46. Qf5+ ({Weaker is} 46. d7 Nxd7 47. Qxd7 Qxd3 $18) 46... Kh6 (46... Kf7 $142 47. Qxe5 (47. Qxh7 Qxd3 48. Qh5+ Ke6 $11) 47... Qxd3 48. Qh5+ g6 49. Qxh7+ Ke6 50. Qe7+ Kd5 51. Qxf6 Nd7 52. Qg5+ Kxd6) 47. d7 $2 (47. g4 {[%csl Gg4][%cal Rf5h5]} g6 48. Qxf6 Qb7+ 49. Kg1) 47... Qb6 $2 (47... Nxd7 $18 48. Qh3+ Kg6 49. Qxd7 Qxd3 50. Qg4+ Kh6) 48. g4 {[%csl Gg4][%cal Rf5h5] White mates.} g6 {[#]} 49. g5+ $1 {[%mdl 576] Double Attack} Kh5 (49... fxg5 50. Qf8+) 50. Qh3+ Kxg5 51. Rg1+ Kf4 52. Qg3+ Kf5 53. Qg4# {Accuracy: White = 65%, Black = 42%.} 1-0

[Event "XLV Sevilla Open 2020"]
[Site "Sevilla"]
[Date "2020.01.17"]
[Round "8.3"]
[White "Gagare, Shardul"]
[Black "Li, Di"]
[Result "0-1"]
[WhiteElo "2481"]
[BlackElo "2562"]
[Annotator "RC"]
[PlyCount "160"]
[EventDate "2020.01.05"]
[EventType "swiss"]
[EventCountry "ESP"]
[SourceTitle "playchess.com"]
[Source "ChessBase"]
[SourceQuality "1"]
[TimeControl "5400+30"]

1. e4 {[%emt 0:05:52]} e5 {[%emt 0:00:00]} 2. Bc4 {[%emt 0:00:06]} Nf6 {[%emt 0:00:00]} 3. d3 {[%emt 0:00:05]} Nc6 {[%emt 0:00:13]} 4. Nf3 {[%emt 0:00:09]} Bc5 {[%emt 0:00:09]} 5. c3 {[%emt 0:00:13]} O-O {[%emt 0:00:12]} 6. Nbd2 {[%emt 0:00:10]} d6 {[%emt 0:00:30]} 7. h3 {[%emt 0:00:19]} a5 {[%emt 0:00:45]} 8. O-O {[%emt 0:01:55]} h6 {[%emt 0:00:47]} 9. Re1 {[%emt 0:00:22]} Be6 {[%emt 0:00:08]} 10. Bb5 {[%emt 0:00:08]} Qb8 {[%emt 0:00:07]} 11. Nf1 {[%emt 0:02:30]} Qa7 {[%emt 0:00:22]} 12. d4 {[%emt 0:00:12]} exd4 {[%emt 0:00:27]} 13. Bxc6 {[%emt 0:00:06]} bxc6 {[%emt 0:00:51]} 14. cxd4 {[%emt 0:00:06]} Bb6 {[%emt 0:01:34]} 15. Ng3 {[%emt 0:07:15]} Rfe8 {[%emt 0:00:53]} 16. a4 {[%emt 0:17:52]} Rab8 {[%emt 0:21:34]} 17. Ra3 {[%emt 0:02:07]} Qa6 {[%emt 0:06:46]} 18. Bxh6 {[%emt 0:34:51]} gxh6 {[%emt 0:01:00]} 19. Qd2 {[%emt 0:02:57]} Kg7 {[%emt 0:12:30]} 20. Nh4 {[%emt 0:02:10]} Rg8 {[%emt 0:10:54]} 21. d5 {[%emt 0:04:39]} cxd5 {[%emt 0:12:44]} 22. exd5 {[%emt 0:00:06]} Bxd5 {[%emt 0:01:30]} 23. Qc3 {[%emt 0:06:49]} Bxf2+ {[%emt 0:05:05]} 24. Kxf2 {[%emt 0:00:06]} Qb6+ {[%emt 0:00:04]} 25. Kf1 {[%emt 0:00:05]} Kh7 {[%emt 0:12:02]} 26. Qxf6 {[%emt 0:00:24]} Bc4+ {[%emt 0:00:04]} 27. Ne2 {[%emt 0:00:49]} Qxb2 {[%emt 0:03:12]} 28. Qf5+ {[%emt 0:00:38]} Kh8 {[%emt 0:00:01]} 29. Qf4 {[%emt 0:00:50]} Rg5 {[%emt 0:00:18]} 30. Re3 {[%emt 0:02:00]} Rb4 {[%emt 0:01:16]} 31. Qf2 {[%emt 0:02:43]} Rxa4 {[%emt 0:00:58]} 32. Nf3 {[%emt 0:02:08]} Rg6 {[%emt 0:01:45]} 33. Kg1 {[%emt 0:00:21]} Be6 {[%emt 0:00:12]} 34. Kh2 {[%emt 0:01:58]} Rc4 {[%emt 0:01:16]} 35. Rd3 {[%emt 0:01:06]} Qf6 {[%emt 0:02:14]} 36. Ned4 {[%emt 0:02:03]} Bd5 {[%emt 0:01:25]} 37. Qd2 {[%emt 0:01:24]} a4 {[%emt 0:00:18]} 38. Re8+ {[%emt 0:00:51]} Kh7 {[%emt 0:00:07]} 39. Re2 {[%emt 0:00:21]} Kg8 {[%emt 0:03:30]} 40. Re8+ {[%emt 0:00:34]} Kh7 {[%emt 0:00:02]} 41. Re2 {[%emt 0:00:13]} Kg8 {[%emt 0:00:01]} 42. Rc3 {[%emt 0:00:50]} Rxc3 {[%emt 0:00:45]} 43. Qxc3 {[%emt 0:00:02]} Bxf3 {[%emt 0:01:54]} 44. Re8+ {[%emt 0:00:26]} Kh7 {[%emt 0:00:09]} 45. Qxf3 {[%emt 0:01:01]} Qxd4 {[%emt 0:00:33]} 46. Re7 {[%emt 0:00:34]} Rf6 {[%emt 0:01:12]} 47. Rxf7+ {[%emt 0:00:23]} Kg6 {[%emt 0:00:19]} 48. Rxf6+ {[%emt 0:00:05]} Qxf6 {[%emt 0:00:03]} 49. Qg4+ {[%emt 0:00:06]} Kf7 {[%emt 0:00:34]} 50. Qd7+ {[%emt 0:00:30]} Qe7 {[%emt 0:00:15]} 51. Qf5+ {[%emt 0:00:39]} Kg7 {[%emt 0:00:11]} 52. Qg4+ {[%emt 0:00:06]} Qg5 {[%emt 0:00:13]} 53. Qxa4 {[%emt 0:00:13]} Qe5+ {[%emt 0:00:08]} 54. Kg1 {[%emt 0:00:17]} c5 {[%emt 0:00:10]} 55. Qg4+ {[%emt 0:00:45]} Kf6 {[%emt 0:00:13]} 56. Qh4+ {[%emt 0:00:04]} Qg5 {[%emt 0:00:13]} 57. Qf2+ {[%emt 0:00:12]} Ke5 {[%emt 0:00:20]} 58. Qe2+ {[%emt 0:00:21]} Kf6 {[%emt 0:00:35]} 59. Qf2+ {[%emt 0:00:11]} Ke6 {[%emt 0:00:29]} 60. Qe2+ {[%emt 0:00:17]} Qe5 {[%emt 0:00:12]} 61. Qc4+ {[%emt 0:00:16]} Ke7 {[%emt 0:00:33]} 62. Qh4+ {[%emt 0:00:03]} Qf6 {[%emt 0:03:19]} 63. Qe4+ {[%emt 0:00:08]} Kd8 {[%emt 0:00:16]} 64. Qa8+ {[%emt 0:01:49]} Kc7 {[%emt 0:00:01]} 65. Qa7+ {[%emt 0:00:22]} Kc6 {[%emt 0:00:01]} 66. Qa6+ {[%emt 0:00:13]} Kd5 {[%emt 0:00:09]} 67. Qb7+ {[%emt 0:00:09]} Kc4 {[%emt 0:00:14]} 68. Qa6+ {[%emt 0:00:10]} Kb4 {[%emt 0:00:35]} 69. Qb6+ {[%emt 0:00:18]} Kc3 {[%emt 0:00:04]} 70. Qa5+ {[%emt 0:00:07]} Kd3 {[%emt 0:00:39]} 71. Qb5+ {[%emt 0:00:47]} Kd2 {[%emt 0:00:40]} 72. Qa5+ {[%emt 0:01:11]} Qc3 {[%emt 0:00:19]} 73. Qa2+ {[%emt 0:00:28]} Kc1 {[%emt 0:00:08]} 74. Qe6 {[%emt 0:00:34]} Qd4+ {[%emt 0:00:39]} 75. Kh1 {[%emt 0:00:06]} c4 {[%emt 0:02:31]} 76. Qxh6+ {[%emt 0:00:05]} Kb2 {[%emt 0:00:03]} 77. Qh5 {[%emt 0:01:11]} c3 {[%emt 0:00:18]} 78. Qb5+ {[%emt 0:00:13]} Kc1 {[%emt 0:00:13]} 79. Qg5+ {[%emt 0:01:33]} Qd2 {[%emt 0:00:16]} 80. Qg3 {[%emt 0:02:34]} Kb2 {[%emt 0:01:09]} 0-1

[Event "XLV Sevilla Open 2020"]
[Site "Sevilla"]
[Date "2020.01.17"]
[Round "8.4"]
[White "Das, Arghyadip"]
[Black "Shariyazdanov, Andrey"]
[Result "1/2-1/2"]
[WhiteElo "2451"]
[BlackElo "2519"]
[Annotator "ChessBase"]
[PlyCount "72"]
[EventDate "2020.01.05"]
[EventType "swiss"]
[EventCountry "ESP"]
[SourceTitle "playchess.com"]
[Source "ChessBase"]
[SourceQuality "1"]
[TimeControl "5400+30"]

1. e4 {[%emt 0:00:00]} c5 {[%emt 0:00:00]} 2. Nf3 {[%emt 0:00:00]} Nc6 {[%emt 0:00:00]} 3. d4 {[%emt 0:00:18]} cxd4 {[%emt 0:00:00]} 4. Nxd4 {[%emt 0:00:04]} e5 {[%emt 0:00:11]} 5. Nb5 {[%emt 0:00:17]} d6 {[%emt 0:00:08]} 6. c4 {[%emt 0:00:16]} Be7 {[%emt 0:00:19]} 7. N5c3 {[%emt 0:00:12]} Nf6 {[%emt 0:00:53]} 8. Bd3 {[%emt 0:00:38]} O-O {[%emt 0:01:19]} 9. O-O {[%emt 0:00:22]} Nd7 {[%emt 0:00:42]} 10. Nd5 {[%emt 0:01:42]} Bg5 {[%emt 0:01:12]} 11. Nbc3 {[%emt 0:00:30]} Nc5 {[%emt 0:01:14]} 12. b4 {[%emt 0:06:54]} Bxc1 {[%emt 0:09:25]} 13. Rxc1 {[%emt 0:00:32]} Ne6 {[%emt 0:00:16]} 14. Bb1 {[%emt 0:08:24]} a5 {[%emt 0:13:57]} 15. a3 {[%emt 0:00:51]} axb4 {[%emt 0:00:05]} 16. axb4 {[%emt 0:00:13]} Ncd4 {[%emt 0:02:49]} 17. Kh1 {[%emt 0:08:36]} Qg5 {[%emt 0:07:01]} 18. g3 {[%emt 0:05:11]} Qd8 {[%emt 0:06:04]} 19. f4 {[%emt 0:18:15]} Nc7 {[%emt 0:05:54]} 20. Nb6 {[%emt 0:11:48]} Ra6 {[%emt 0:02:09]} 21. fxe5 {[%emt 0:06:39]} dxe5 {[%emt 0:02:25]} 22. c5 {[%emt 0:00:06]} Bh3 {[%emt 0:01:55]} 23. Rf2 {[%emt 0:01:23]} Qg5 {[%emt 0:01:14]} 24. Ba2 {[%emt 0:04:57]} h5 {[%emt 0:13:36]} 25. Bc4 {[%emt 0:04:23]} Ra3 {[%emt 0:02:34]} 26. Nbd5 {[%emt 0:01:41]} Nxd5 {[%emt 0:01:46]} 27. exd5 {[%emt 0:00:18]} h4 {[%emt 0:06:46]} 28. Qd2 {[%emt 0:00:45]} Qh5 {[%emt 0:00:27]} 29. Qd3 {[%emt 0:04:00]} Bf5 {[%emt 0:04:04]} 30. Qe3 {[%emt 0:01:16]} hxg3 {[%emt 0:00:47]} 31. Qxg3 {[%emt 0:00:05]} Be4+ {[%emt 0:00:18]} 32. Nxe4 {[%emt 0:01:30]} Rxg3 {[%emt 0:00:06]} 33. Nxg3 {[%emt 0:00:02]} Qg5 {[%emt 0:01:11]} 34. Re1 {[%emt 0:00:08]} g6 {[%emt 0:02:28]} 35. d6 {[%emt 0:00:05]} Kg7 {[%emt 0:00:11]} 36. Bd5 {[%emt 0:00:17]} f6 {[%emt 0:02:57]} 1/2-1/2

[Event "XLV Sevilla Open 2020"]
[Site "Sevilla"]
[Date "2020.01.17"]
[Round "8.5"]
[White "Bernadskiy, Vitaliy"]
[Black "Chen, Qi B"]
[Result "0-1"]
[WhiteElo "2588"]
[BlackElo "2432"]
[Annotator "TA"]
[PlyCount "92"]
[EventDate "2020.01.05"]
[EventType "swiss"]
[EventCountry "ESP"]
[SourceTitle "playchess.com"]
[Source "ChessBase"]
[SourceQuality "1"]

{[%evp 12,92,21,12,8,15,23,0,0,7,9,0,0,5,2,16,8,1,11,0,3,4,-9,-44,0,-17,-22,-24,0,-21,-15,-41,0,-99,-38,-109,-66,-55,-74,-61,-56,-61,-22,-15,-19,-222,-222,-214,-209,-171,-114,-105,-16,-16,-18,-15,-22,-65,-47,-59,-56,-65,-8,-8,-8,-10,-16,-27,0,-681,-2,-671,-663,-665,-653,-575,0,0,0,-29987,-29988,-29996,-1483]} 1. e4 e5 2. Nf3 Nc6 3. Bb5 Nf6 4. d3 Bc5 5. Nbd2 d6 6. O-O O-O 7. c3 a6 {C65: Ruy Lopez: Berlin Defence (3...Nf6), unusual lines and 4 0-0 Bc5} (7... Ne7 8. d4 exd4 9. cxd4 Bb6 10. Re1 {½-½ (10) Vallejo Pons,F (2704)-Motylev,A (2640) Moscow 2019}) 8. Bxc6 bxc6 9. h3 Re8 {The position is equal.} 10. Re1 h6 11. Nf1 a5 12. Ng3 a4 13. d4 exd4 14. Nxd4 Bd7 15. Qf3 $146 ({Predecessor:} 15. Bd2 Qb8 16. Qc1 Qb6 17. a3 Rab8 18. Rb1 h5 {0-1 (37) Verstraten,R (2007)-Faber,F ICCF email 2014}) 15... Rb8 16. Ndf5 Re5 17. Qf4 Ne8 (17... Bxf5 {is interesting.} 18. Nxf5 Kh7 19. Rb1 g5 20. Qf3 d5) 18. Re2 Qf6 19. Be3 Bxe3 20. Qxe3 Reb5 21. Rb1 c5 {[%cal Bc6c5,Bc5c4][%mdl 32]} (21... Be6 {with more complications.} 22. f4 c5 23. Qf2 Bxa2 24. Rbe1 Qd8) 22. f4 (22. Nh5 $11 {keeps the balance.} Qe5 23. Qf3) 22... Bxf5 (22... Qe6 $17 23. a3 Nf6) 23. exf5 (23. Nxf5 $15 d5 24. g4) 23... a3 {[%cal Ra3b2]} 24. b3 c4 25. b4 d5 26. Rd1 Qh4 27. Qf3 Nf6 28. Rde1 $2 (28. Nf1 $1 $11) 28... c5 $19 29. bxc5 Rxc5 30. Nh1 Ne4 (30... Rcb5 $19 31. Nf2 Rb2) 31. Nf2 $17 Qf6 (31... Nd6 $17 32. Qe3 Rcb5) 32. Nxe4 $11 dxe4 33. Rxe4 Qxf5 34. Rd4 Rcc8 {Strongly threatening ...Rb2.} 35. Kh2 Rb2 36. Re5 Qc2 ({Better is} 36... Qb1 $15 37. Rd7 Rf8) 37. Qg4 Rf8 38. Rxc4 Rxa2 {...Rb2 is the strong threat.} 39. Rc6 $1 Rb2 {Hoping for ...a2.} 40. Re3 $2 {[%mdl 8192] [#]} (40. Rxh6 $11 a2 41. Reh5 Qxg2+ 42. Qxg2 Rxg2+ 43. Kxg2 gxh6 44. Ra5) 40... a2 $2 ({Black should try} 40... h5 $1 $19 {[%cal Rh5g4][%mdl 512]} 41. Qg5 (41. Qxh5 Qxg2#) 41... h4 $1 {[%mdl 512]}) 41. Ra6 $2 {[%mdl 8192] [#]} (41. Rg3 $11 Qxg2+ 42. Rxg2 Rxg2+ 43. Kxg2) 41... h5 $1 $19 {[%mdl 512]} 42. Qg5 {[#] Threatens to win with Rg3.} (42. Qxh5 Qxg2#) 42... h4 $1 {[%mdl 512]} 43. f5 (43. Qxh4 Qxg2#) 43... Qf2 $2 $40 {[%mdl 128] Black mounts an attack.} (43... Qd2 $19 44. f6 g6) 44. f6 $11 {[%csl Gf6][%cal Rg5g7]} g6 {aiming for ...Rb1.} 45. Ra4 $2 {[%mdl 8192]} (45. Re4 $11) 45... Rb1 {[%csl Gb1][%cal Rf2g1]} 46. Rxh4 {[#]} Rh1+ $1 {[%mdl 576] Decoy, Promotion. Accuracy: White = 37%, Black = 43%.} 0-1

[Event "XLV Sevilla Open 2020"]
[Site "Sevilla"]
[Date "2020.01.17"]
[Round "8.6"]
[White "Ravi, Teja S."]
[Black "Pridorozhni, Aleksei"]
[Result "1/2-1/2"]
[WhiteElo "2464"]
[BlackElo "2601"]
[Annotator "TA"]
[PlyCount "105"]
[EventDate "2020.01.05"]
[EventType "swiss"]
[EventCountry "ESP"]
[SourceTitle "playchess.com"]
[Source "ChessBase"]
[SourceQuality "1"]

{[%evp 11,105,0,0,-6,3,6,0,0,0,0,0,0,4,-5,-11,-13,4,6,14,-12,15,-1,22,18,24,16,29,18,36,21,48,23,23,16,16,16,17,17,56,20,52,31,38,38,85,85,85,85,85,85,85,85,85,85,85,77,77,44,85,85,85,85,85,85,85,85,85,23,23,0,85,85,85,23,23,0,85,85,85,85,91,91,92,92,92,91,92,91,91,91,91,0,0,0,0,16]} 1. d4 d5 2. c4 e6 3. Nc3 c6 4. cxd5 exd5 5. Bf4 Bd6 6. Bg3 Ne7 7. e3 {D31: Queen's Gambit Declined: Semi-Slav without ...Nf6 (+ Marshall Gambit and Noteboom) and Exchange Variation lines without ...Nf6} O-O (7... Nf5 8. Bxd6 Nxd6 9. Bd3 Bf5 10. Bxf5 Nxf5 11. Qg4 g6 12. e4 dxe4 13. Qxe4+ Ne7 14. h4 O-O {½-½ (43) Andreikin,D (2736)-Harikrishna,P (2766) Wijk aan Zee 2017}) 8. Bd3 Bf5 9. Nge2 Bxd3 10. Qxd3 Na6 {[%cal Bb8a6,Ba6c7,Bc7e6][%mdl 32]} 11. O-O Nc7 $146 ({Predecessor:} 11... Re8 12. a3 Nc7 13. b4 a6 14. Nc1 {0-1 (45) Milanovic,D (2506)-Savicevic,V (2330) Vrnjacka Banja 2014}) 12. Rac1 Ne6 13. Na4 a5 14. Qb3 Rb8 15. Qc2 g6 16. Nc5 Nxc5 (16... Bxg3 {with more complications.} 17. Nxg3 Ng7 18. Ne2 Nef5 19. Nf4 Re8) 17. Bxd6 Qxd6 18. dxc5 Qf6 19. Nd4 Nf5 20. Nxf5 gxf5 21. Qc3 Qxc3 22. Rxc3 $11 {[%mdl 4096] Endgame KRR-KRR} Rfe8 23. g3 Re4 24. Rd1 Rbe8 25. Rdd3 Rb4 26. b3 a4 27. a3 Rxb3 28. Rxb3 axb3 29. Rxb3 $14 {KR-KR} Ra8 30. Rxb7 Ra5 31. Rc7 Rxc5 32. a4 Kg7 33. a5 {[%mdl 64] [#] Deflection} Rxa5 34. Rxc6 f6 35. Kg2 Kg6 36. Rd6 Rb5 37. Rd7 Ra5 38. h3 h5 39. Rb7 (39. Kf3 $16) 39... Ra4 $11 40. Rd7 (40. Kf3 $11) 40... Ra5 $16 41. Kf3 Rb5 42. Ra7 (42. Rd6 $16) 42... Rb4 $1 $11 43. Rd7 ({White should try} 43. Ra8 $11) 43... Rb5 $16 44. h4 Rc5 45. Rd8 Rb5 46. Rg8+ Kh7 47. Ra8 Kg6 48. Ra4 Rc5 49. Rf4 Ra5 50. Ke2 Ra2+ {[#]} 51. Kd3 (51. Kf1 $1 $16) 51... Ra3+ $11 52. Kd4 Ra5 53. Kc3 {Accuracy: White = 64%, Black = 64%.} 1/2-1/2

[Event "XLV Sevilla Open 2020"]
[Site "Sevilla"]
[Date "2020.01.17"]
[Round "8.7"]
[White "Harutyunian, Tigran K."]
[Black "Campora, Daniel H."]
[Result "0-1"]
[WhiteElo "2533"]
[BlackElo "2420"]
[Annotator "ChessBase"]
[PlyCount "98"]
[EventDate "2020.01.05"]
[EventType "swiss"]
[EventCountry "ESP"]
[SourceTitle "playchess.com"]
[Source "ChessBase"]
[SourceQuality "1"]
[TimeControl "5400+30"]

1. c4 Nf6 2. Nc3 e5 3. Nf3 d6 4. g3 Be7 5. Bg2 O-O 6. d4 Nbd7 7. O-O c6 8. Qc2 Re8 9. b3 Bf8 10. e4 a6 11. Rd1 Qc7 12. h3 h6 13. Be3 b5 14. Rac1 b4 15. Ne2 c5 16. d5 a5 17. g4 Nh7 18. Ng3 a4 19. g5 hxg5 20. Nxg5 Nxg5 21. Bxg5 g6 22. Kh2 Bg7 23. Rg1 Nf8 24. Qd2 Nh7 25. Bh6 Qe7 26. Rcf1 axb3 27. axb3 Ra3 28. Bxg7 Kxg7 29. Qb2 Qh4 30. f4 Nf6 31. Rf3 Rh8 32. Rgf1 Kg8 33. fxe5 Ng4+ 34. Kg1 Nxe5 35. Qf2 Qe7 36. Re3 Bxh3 37. Nf5 Bxf5 38. exf5 Qh4 39. Qxh4 Rxh4 40. fxg6 fxg6 41. Rf6 Ra1+ 42. Bf1 Rh5 43. Rg3 Kg7 44. Rf2 Rh4 45. Kg2 Rg4 46. Kh3 Rxg3+ 47. Kxg3 Rb1 48. Kh4 Rxb3 49. Kg5 Rf3 0-1

[Event "XLV Sevilla Open 2020"]
[Site "Sevilla"]
[Date "2020.01.17"]
[Round "8.8"]
[White "Matamoros Franco, Carlos S."]
[Black "Pecnik, Leo"]
[Result "1-0"]
[WhiteElo "2487"]
[BlackElo "2357"]
[Annotator "TA"]
[PlyCount "101"]
[EventDate "2020.01.05"]
[EventType "swiss"]
[EventCountry "ESP"]
[SourceTitle "playchess.com"]
[Source "ChessBase"]
[SourceQuality "1"]

{[%evp 20,101,31,28,28,20,19,14,42,29,28,29,24,23,37,35,41,25,33,34,32,25,46,18,34,25,45,42,65,54,76,43,64,53,63,58,64,75,74,75,93,93,108,100,108,58,143,143,173,166,174,171,158,156,157,141,251,266,266,196,176,93,77,99,113,77,85,101,172,162,248,0,2231,1232,29991,29988,29988,29989,29992,29990,29990,29989,29991,29992]} 1. Nf3 Nf6 2. g3 g6 3. Bg2 Bg7 4. c4 O-O 5. O-O d6 6. d4 a6 7. Nc3 Nc6 8. d5 Na5 9. b3 c5 10. dxc6 Nxc6 11. Bb2 Bf5 {E63: King's Indian: Fianchetto: Panno Variation with 7...a6} 12. Qc1 Rc8 13. Rd1 Qb6 {The position is equal.} 14. Nd5 Nxd5 $1 15. Bxg7 Kxg7 16. Rxd5 Be6 {[#]} 17. Rd1 $146 ({Predecessor:} 17. Rd2 f6 18. e3 Rc7 19. Qb2 {1-0 (61) Ribli,Z (2559)-Baklan,V (2655) Austria 2009}) 17... f6 18. Ne1 Ne5 19. Nc2 Bd7 20. Ne3 Bc6 21. Qd2 Bxg2 22. Nxg2 Rf7 23. Nf4 Nd7 {[%cal Be5d7,Bd7f8,Bf8e6,Be6d4][%mdl 32]} 24. Rac1 Nf8 25. b4 e5 26. Nd5 Qd8 27. a4 $36 {[%mdl 2048] White is more active.} Ne6 28. a5 Nd4 {Threatening ...Nb3.} 29. Qd3 Qe8 30. Kg2 Qe6 31. e3 Nc6 32. h3 Rd8 (32... h5 $14) 33. b5 $16 axb5 34. cxb5 Nxa5 {intending ...Rc8.} 35. Qa3 b6 36. Nxb6 Nb7 37. Rc6 e4 (37... Nc5 $16 38. Na4 Nxa4) 38. Nd5 $18 g5 39. Rc7 Qf5 40. Kg1 ({Better is} 40. Rd2 $18) 40... Rxc7 $16 41. Nxc7 Nc5 42. b6 {[#] And now Qxc5! would win.} Nd3 ({But not} 42... Qxh3 $2 {[#]} 43. Qxc5 $1 {[%mdl 512]} Kg6 44. Rxd6 $18) 43. Qa2 {Ne6+ is the strong threat.} Rb8 (43... Kg6 $16) 44. Ne6+ $18 Kh6 (44... Kg6 $142) 45. Rb1 $2 (45. Nd4 $18 Qxf2+ 46. Qxf2 Nxf2 47. Kxf2 Rxb6 48. Nf5+ Kg6 49. Nxd6) 45... Ra8 $2 {[%mdl 8192]} (45... d5 $11 46. Nd4 Qxh3) 46. Nd4 ({Worse is} 46. Qxa8 Qxf2+ 47. Kh1 Qf3+ 48. Kh2 Qf2+ 49. Kh1 Qf3+ 50. Kh2 Qf2+ 51. Kh1 $11) 46... Qc8 47. Qf7 {White mates.} Qxh3 48. b7 Nxf2 49. Qxf6+ Kh5 50. Qxf2 Ra2 51. Qf7+ {Accuracy: White = 72%, Black = 41%.} 1-0